000 00654nam a2200205 u 4500
005 20220526063412.0
008 080613s2000 r 000 0 eng d
020 _a8484640361
035 _aUPN01000156917
049 _aI
050 4 _aPZ24.9
_bH4.3
100 1 _aHeitz, Bruno,
_d1957-
_936501
245 1 0 _aUna historia fantástica /
_cBruno Heitz ; tr. Marisa Núñez.
260 _aPontevedra, Esp. :
_bKalandraka,
_c2000.
300 _a[40] p. :
_bprincipalmente il. col.
440 0 _aLibros para soñar
534 _pTítulo original:
_tUne histoire pas terrible, terrible
650 0 _aCuentos infantiles franceses
_98588
905 _aInfantil
999 _c129031
_d129031